000
00309nam a22001457a 4500
003
SGT
082
_a
618.92
_b
I66N
100
_a
NOSOR, S.
245
_a
INFECTIONS DISEASES OF CHILDHOOD
250
_a
1ST
260
_a
MOSCOW
_b
MIR PUB
_c
1966
300
_a
415
650
_a
PEDIATRICS
942
_2
ddc
_c
RARE
999
_c
29370
_d
29370